Δια παιδαγωγίας κοινωνών αποτραγικοποίησις

Αποθηκεύτηκε σε:
Λεπτομέρειες βιβλιογραφικής εγγραφής
Κύριος συγγραφέας: Παπαδόπουλος, Γιάννης, 1952-
Μορφή: Βιβλίο
Γλώσσα:Greek
Δημοσίευση: Αθήνα : Εντός, [1999].
Σειρά:Κοινωνιολογία (Εντός)
Θέματα:
Ετικέτες: Προσθήκη ετικέτας
Δεν υπάρχουν, Καταχωρήστε ετικέτα πρώτοι!

MARC

LEADER 00000cam a2200000 i 4500
001 1/17148
008 111219s1999 gr | ||| |||| ||gre||
020 |a 9608472482 
035 |l 10111609 
040 |a GR-MY-UA  |b gre  |e aacr 
041 0 |a gre 
082 7 |a 882.071   |2 (22) 
100 1 |a Παπαδόπουλος, Γιάννης,   |d 1952- 
245 1 0 |a Δια παιδαγωγίας κοινωνών αποτραγικοποίησις /   |c Γιάννης Παπαδόπουλος.  
260 |a Αθήνα :   |b Εντός,   |c [1999].  
300 |a 294 σ. ;   |c 20 εκ.  
490 1 |a (Κοινωνιολογία / Εντός)  
504 |a Βιβλιογραφία : σ. 291-294.  
650 0 0 |a Greek drama (Tragedy)  |x History and criticism. 
650 0 0 |a Theater  |z Greece  |x History. 
830 0 |a Κοινωνιολογία (Εντός) 
852 |a INST  |b RHODES  |e 20111219  |h 882.071 ΠΑΠ  |p 005400033880  |q 005400033880  |t BK  |y 0 
901 |a BIBL4-2011-3 
909 |a Ρ  |b 170529 
920 |a ΒΙΒΛΙΟΘΗΚΗ  |y Ρόδος  |z 2011-12 
922 |a 4ΕΛΗ 
970 |z 2011/12/19